| 000 | 00947cam a2200181 4500 | ||
|---|---|---|---|
| 001 | WB3841-17 | ||
| 008 | 021105n2002 000 0 eng u | ||
| 035 | _a(Sirsi) u120379 | ||
| 245 | _aUpdated code of practice for project management | ||
| 260 | _c2002 | ||
| 490 |
_aRICS News Service _v31 October 2002, (1) |
||
| 520 | _aNew third edition of industry standard work "Code of practice for project management for construction and development" substantially revises and updates previous edition in light of intensive consultation between CIOB, RICS and other professional bodies. It provides an authorative guide to principles and practice of construction project management and will become a key reference source on subject. www.rics.org/ricscms/bin/show?class=News&template=/includes/shownews.html&id=4079 | ||
| 590 | _aWB | ||
| 650 | _aBUILT ENVIRONMENT | ||
| 650 | _aRISK MANAGEMENT | ||
| 690 |
_aProject management _96261 |
||
| 942 | _n0 | ||
| 999 |
_c71531 _d71531 |
||